Keating on JCT contracts (Record no. 105869)

MARC details
000 -LEADER
fixed length control field 02562cai a22003375 4500
001 - CONTROL NUMBER
control field L134968
008 - FIXED-LENGTH DATA ELEMENTS--GENERAL INFORMATION
fixed length control field 060913s2006 xxk f 001 0 eng u
020 ## - INTERNATIONAL STANDARD BOOK NUMBER
International Standard Book Number 0421957808
-- 9780421957800
035 ## - SYSTEM CONTROL NUMBER
System control number (Sirsi) u134968
050 04 - LIBRARY OF CONGRESS CALL NUMBER
Classification number 692.8 $2 18
100 ## - MAIN ENTRY--PERSONAL NAME
Personal name Williamson, Adrian
245 ## - TITLE STATEMENT
Title Keating on JCT contracts
260 ## - PUBLICATION, DISTRIBUTION, ETC.
Place of publication, distribution, etc. London
Name of publisher, distributor, etc. Sweet and Maxwell
Date of publication, distribution, etc. 2006
300 ## - PHYSICAL DESCRIPTION
Extent 3
Type of unit v. (looseleaf)
Dimensions 31cm.
350 ## - PRICE (NR) (BK AM CF MU VM SE) [OBSOLETE]
Price 350
505 2# - FORMATTED CONTENTS NOTE
Formatted contents note Volume one: commentary: Standard Building Contract family -- Intermediate Building Contract Family -- Minor Works Building Contract Family -- Design and Build Contract Family -- Major Project Construction Contract Family -- Construction Management Contract Family -- Management Building Contract Family -- Prime Cost Building Contract Family -- Housing Grants Works Building Contract Family -- Adjudication Agreement Family -- Framework Agreement Family -- Generic Contracts -- Collateral Warranties -- Appendix A: Housing Grants, Construction and Regeneration Act 1996
505 2# - FORMATTED CONTENTS NOTE
Formatted contents note Volume two: JCT 05 contracts: Standard Building Contract Family -- Intermediate Building Contract Family
505 2# - FORMATTED CONTENTS NOTE
Formatted contents note Volume three: JCT 05 contracts: Minor Works Building Contract Family -- Design and Build Contract Family -- Major Project Construction Contract Family -- Construction Management Contract Family -- Management Building Contract Family -- Prime Cost Building Contract Family -- Housing Grant Works Building Contract Family -- Adjudication Agreement Family -- Framework Agreement Family -- Generic Contracts -- Collateral Warranties
520 ## - SUMMARY, ETC.
Summary, etc. This looseleaf publication brings together all the major forms from the 2005 edition of the JCT suite of contracts. Commentary is provided on a clause-by-clause basis, and explains the scope of each form, how it differs from preceding versions, and includes extensive reference to case law. Written as a companion volume to "Keating on construction contracts" (ISBN 042189905).
520 ## - SUMMARY, ETC.
Summary, etc. This looseleaf is up-to-date as at August 2009. We have cancelled our subscription and will remove this title from our collection when it becomes out-of-date. Please ask a member of staff for more details.
521 2# - TARGET AUDIENCE NOTE
Target audience note Expert
651 #4 - SUBJECT ADDED ENTRY--GEOGRAPHIC NAME
Geographic name United Kingdom
Chronological subdivision
690 ## - LOCAL SUBJECT ADDED ENTRY--TOPICAL TERM (OCLC, RLIN)
Topical term or geographic name as entry element BUILT ENVIRONMENT-BUILDING CONTRACT FORMS-STANDARD FORMS OF BUILDING CONTRACT-JOINT CONTRACTS TRIBUNAL CONTRACTS
700 1# - ADDED ENTRY--PERSONAL NAME
Personal name Chambers, Gaynor
700 1# - ADDED ENTRY--PERSONAL NAME
Personal name Constable, Adam
700 1# - ADDED ENTRY--PERSONAL NAME
Personal name Garrett, Lucy
700 1# - ADDED ENTRY--PERSONAL NAME
Personal name Holt, Matthew
700 1# - ADDED ENTRY--PERSONAL NAME
Personal name Moran, Vincent
942 ## - ADDED ENTRY ELEMENTS (KOHA)
Suppress in OPAC 0
Holdings
Withdrawn status Lost status Source of classification or shelving scheme Damaged status Not for loan Home library Current library Shelving location Date acquired Cost, normal purchase price Total Checkouts Full call number Barcode Date last seen Copy number Cost, replacement price Price effective from Koha item type
    Dewey Decimal Classification     London London Folio 21/08/2007 356.13   F692.8 WIL 30074248 06/08/2019 1 356.13 06/08/2019 Reference material